Match the Character to the Film - Statistics

General Stats
  • This quiz has been taken 51 times
  • The average score is 12 of 20
Answer Stats
Hint Answer % Correct
Vito Corleone The Godfather (1972)
89%
Tyler Durden Fight Club (1999)
81%
Jack Dawson Titanic (1997)
79%
Ellen Louise Ripley Alien (1979)
70%
Jack Torrance The Shining (1980)
70%
Sarah Connor The Terminator (1984)
70%
Newt Scamander Fantastic Beasts and Where to Find Them (2016)
68%
Vincent Vega Pulp Fiction (1994)
68%
Inigo Montoya The Princess Bride (1997)
66%
Jake Sully Avatar (2009)
62%
Jenny Curran Forrest Gump (1994)
62%
Keyser Söze The Usual Suspects (1995)
62%
John Coffey The Green Mile (1999)
60%
Waymond Wang Everything Everywhere All at Once (2022)
57%
Arthur Fleck Joker (2019)
55%
Beatrix Kiddo Kill Bill: Volume 1 (2003)
53%
Henry Hill Goodfellas (1990)
43%
Terrence Fletcher Whiplash (2014)
43%
Robert McCall The Equalizer (2014)
38%
David Dunn Unbreakable (2000)
38%
No matching quizzes found
Score Distribution
Percent of People with Each Score
Percentile by Number Answered
Your Score History
You have not taken this quiz